To the workplace and back : a dilemma of professional women in Malaysia /
Saved in:
| Main Author: | |
|---|---|
| Format: | Thesis |
| Language: | English |
| Published: |
Bristol :
University of Bristol,
2004
|
| Subjects: | |
| Tags: |
Add Tag
No Tags, Be the first to tag this record!
|
| LEADER | 019590000a22004090004500 | ||
|---|---|---|---|
| 001 | 308478 | ||
| 005 | 20230420125314.0 | ||
| 008 | 050326s2004 enk f 000 0 eng | ||
| 035 | |a (Sirsi) 308478 | ||
| 040 | |a UIAM |b eng |e rda | ||
| 050 | |a HD6055.2.M4 | ||
| 100 | 0 | |a Rohaiza Rokis, |e author |9 2432 | |
| 245 | 1 | 0 | |a To the workplace and back : |b a dilemma of professional women in Malaysia / |c by Rohaiza Rokis |
| 260 | |a Bristol : |b University of Bristol, |c 2004 | ||
| 300 | |a xi, 243 leaves ; |c 30 cm. | ||
| 336 | |2 rdacontent |a text | ||
| 337 | |2 rdamedia |a unmediated | ||
| 338 | |2 rdacarrier |a volume | ||
| 500 | |a "A dissertaion submitted to the University of Bristol in Accordance with the requirements of the Degree of Doctor of Philosophy in the Faculty of Social Sciences Law."--On title page. | ||
| 502 | |a Thesis (Ph. D.)--University of Bristol, 2004. | ||
| 504 | |a Includes bibliographical references. | ||
| 530 | |a Also available on 3 1/2 in computer disk | ||
| 600 | 0 | 7 | |a Saupi Man |9 845 |
| 650 | 0 | |a Married women |x Employment |z Malaysia |9 120458 | |
| 650 | 0 | |a Women |x Social conditions |z Malaysia |9 64629 | |
| 650 | 0 | |a Women in development |z Malaysia |9 34175 | |
| 650 | 0 | |a Women |x Education |z Malaysia |9 87241 | |
| 650 | 0 | |a Sex role in the work environment |z Malaysia |9 120459 | |
| 650 | 0 | |a Women engineers |z Malaysia |9 120460 | |
| 655 | 0 | 7 | |a Theses, IIUM foreign |
| 710 | 2 | |a University of Bristol. |b Dept. of Sociology |9 120461 | |
| 730 | 0 | |a To the workplace and back : a dilemma of professional women in Malaysia (Computer file) |9 120462 | |
| 900 | |a mbs-hj-his-bs | ||
| 942 | |2 lcc |n 0 | ||
| 999 | |c 431941 |d 463943 | ||
| 952 | |0 0 |6 T HD 006055.2 M4 R737T 2004 |7 0 |8 THESES |9 755637 |a IIUM |b IIUM |c MULTIMEDIA |g 0.00 |o t HD 6055.2 M4 R737T 2004 |p 00000920117 |r 2017-10-19 |t 1 |v 0.00 |y THESIS | ||
| 952 | |0 0 |6 TS CDF HD 6055.2 M4 R737T 2004 |7 0 |8 THESES |9 818794 |a IIUM |b IIUM |c MULTIMEDIA |g 0.00 |o ts cdf HD 6055.2 M4 R737T 2004 |p 00001017904 |r 2017-10-26 |t 1 |v 0.00 |y THESISDIG | ||
